书目信息 |
| 书名: | Clinical methods and practicum in speech-language pathology | |
| 作者: | M.N. Hegde, Deborah Davis. | |
| 分册号: | ||
| 分册名: | 出版地: | San Diego : |
|
| 出版社: | Singular Pub. Group | |
| 出版时间: | c1995. | |
| 页数: | xi, 376 p. ; | |
| 开本: | 24 cm. | |
| 丛书名: | Singular textbook series | |
| 中图分类号: | ||
| 科图分类号: | ||
| 其他分类号: | H018.4 | |
| 主题词: | ||
| 电子资源: | ||
| 000 | 01257pam a2200337 a 450 | |
| 001 | E0760194435 | |
| 005 | 20070421165533.21 | |
| 008 | 950216s1995 cau b 001 0 eng c | |
| 010 | @a95006536 | |
| 020 | @a1565935071. | |
| 035 | @A(DLC) 95006536 | |
| 040 | @aDNLM/DLC@cDLC@dDLC | |
| 050 | 00 | @aRC428@b.H44 1995 |
| 060 | 10 | @aWM 18 H462c 199 |
| 082 | 00 | @a616.85/506@2 20 |
| 090 | @aH018.4 | |
| 099 | @dH018.4@ex72 | |
| 100 | 1 | @aHegde, M. N.@q(Mahabalagiri N.),@d1941- |
| 245 | 10 | @aClinical methods and practicum in speech-language pathology / @cM.N. Hegde, Deborah Davis. |
| 250 | @a2nd ed. | |
| 260 | @aSan Diego :@bSingular Pub. Group,@cc1995. | |
| 300 | @axi, 376 p. ;@c24 cm. | |
| 440 | 0 | @aSingular textbook series |
| 504 | @aIncludes bibliographical references (p. 295-300) and index. | |
| 650 | 0 | @aSpeech therapy@xStudy and teaching. |
| 650 | 12 | @aSpeech-Language Pathology@xeducation. |
| 650 | 22 | @aCommunicative Disorders@xtherapy. |
| 700 | 1 | @aDavis, Deborah,@d1951- |
| 906 | @a7@bcbc@corignew@d1@eocip@f19@gy-gencatlg | |
| 955 | @apc05 to NLM 02-16-95; yn05 to ASCD02-28-95; jc06 02-28-95; jc13 03-02-95;aa05 03-03-95; CIP ver. pv07 07-27-95 | |
| 991 | @bc-GenColl@hRC428@i.H44 1995@p00023573453@tCopy 1@wBOOKS | |
| Clinical methods and practicum in speech-language pathology / / M.N. Hegde, Deborah Davis.-2nd ed.-San Diego : : Singular Pub. Group, , c1995. |
| xi, 376 p. ; ; 24 cm.- (Singular textbook series ) |
| Includes bibliographical references (p. 295-300) and index. |
| ISBN 1565935071. |
| ● |
| 相关链接 |
|
|
|
|
正题名:Clinical methods and practicum in speech-language pathology
索取号:H018.4/x72
 
预约/预借
| 序号 | 登录号 | 条形码 | 馆藏地/架位号 | 状态 | 备注 |
| 1 | 0004458 | 300044583 | 第二样本阅览室/ [索取号:H018.4/x72] | 在馆 | |
| 2 | 0004459 | 300044592 | 第四借阅区/ [索取号:H018.4/x72] | 在馆 |